00767 2200265 4500001002100000005001700021008004100038035002500079040001200104082001000116084001800126090001800144100002100162245009400183250001100277260003900288300004000327500003100367650001700398650002000415850001200435990001800447990001800465990001800483INLIS00000000000272920150319105542.0  a0010-031500000000203 aYOPDYOG a722.6 aQ 722.6 Wat L aQ 722.6 Wat L aWATERSON, Roxana aThe living house :ban anthropology of architecture in South-East Asiac/ Roxana Waterson aCet.1. aSingaporebTuttle Publishingc2009 a263 hlm.b: ilus. ;c26 cm [3 eks.] aBibliografi : hlm. 249-258 aAnthropology aArsitektur kuno aYOPDYOG a10499-PD/B.15 a10500-PD/B.15 a10501-PD/B.15